Normal view
MARC view
- Committee on Minimum Requirements of Instructions for Welding Operators in Trade Schools
Entry Personal Name
001 - CONTROL NUMBER
- control field: 45265
003 - CONTROL NUMBER IDENTIFIER
- control field: NUST
005 - DATE AND TIME OF LATEST TRANSACTION
- control field: 20210314133211.0
008 - FIXED-LENGTH DATA ELEMENTS
- fixed length control field: 210314|| aca||aabn | a|a d
040 ## - CATALOGING SOURCE
- Original cataloging agency: NUST
- Transcribing agency: NUST
100 ## - HEADING--PERSONAL NAME
- Personal name: Committee on Minimum Requirements of Instructions for Welding Operators in Trade Schools
670 ## - SOURCE DATA FOUND
- Source citation: Work cat.: (NUST): Committee on Minimum Requirements of Instructions for Welding Operators in Trade Schools, Code of minimum requirements for instruction of welding operators..., c1942-
